[Event "Mistrzostwa Polski Juniorow do lat 18 - Chlopcy"]
[Site "Szklarska Poreba"]
[Date "1899-12-30"]
[Round "3.11"]
[White "Rogala, Milosz"]
[Black "Piekielny, Pawel"]
[Result "0-1"]
[WhiteTitle "I"]
[BlackTitle "k"]
[WhiteElo "1843"]
[BlackElo "2104"]

1. e4 e6 2. d4 d5 3. Nc3 Nf6 4. e5 Nfd7 5. f4 c5 6. Nf3 Qb6 7. Ne2 Nc6 8. c3 Be7
9. g3 O-O 10. Bh3 cxd4 11. cxd4 Qb4+ 12. Qd2 Nb6 13. O-O Bd7 14. a3 Qb3 15. Qc3
Qxc3 16. Nxc3 Na5 17. Kf2 Rfc8 18. Ne2 Nb3 19. Rb1 Bb5 20. Be3 Rc2 21. Rfe1 g6
22. Bf1 Nc4 23. Bc1 Rc8 24. Rd1 Nxa3 25. bxa3 Bxe2 26. Bxe2 Nxc1 27. Ng1 Bxa3
28. Rxb7 a5 29. Ra7 Bb4 30. Kf1 Nxe2 31. Nxe2 Ra2 32. Rd3 Rcc2 33. Re3 Bd2 34.
Rf3 Bc1 35. Ng1 Ra1 36. Ne2 Be3+ 0-1

[Event "Mistrzostwa Polski Juniorow do lat 18 - Chlopcy"]
[Site "Szklarska Poreba"]
[Date "1899-12-30"]
[Round "3.12"]
[White "Dixa, Oskar"]
[Black "Pytel, Maciej"]
[Result "1/2-1/2"]
[WhiteTitle "k"]
[BlackTitle "k"]
[WhiteElo "2052"]
[BlackElo "1919"]

1. e4 c5 2. Nf3 e6 3. d4 cxd4 4. Nxd4 a6 5. Be3 Qc7 6. Qd2 Nf6 7. f3 h5 8. Be2
d6 9. c4 Nbd7 10. O-O b6 11. Nc3 Bb7 12. Rac1 Be7 13. Rfd1 Rd8 14. Bf1 O-O 15.
Qf2 Rfe8 16. a3 Qb8 17. Nc2 d5 18. cxd5 exd5 19. exd5 Bd6 20. g3 h4 21. g4 Bf4
22. Be2 Nf8 23. Bxf4 Qxf4 24. Qd4 Ne6 25. Qxf4 Nxf4 26. Bf1 N6xd5 27. Nxd5 Rxd5
28. Rxd5 Bxd5 29. Nd4 b5 30. Kf2 Rd8 31. Nf5 Be6 32. Nxh4 g5 33. Ng2 Rd2+ 34.
Ke3 Rxb2 35. Nxf4 gxf4+ 36. Kxf4 Rxh2 37. Bd3 Rb2 38. Rc3 b4 39. axb4 Rxb4+ 40.
Ke5 a5 41. Rc5 Rb3 42. Be4 a4 43. Ra5 Kg7 44. Rxa4 Rb5+ 45. Kf4 Bd5 46. Bd3 Rb3
47. Rd4 Bc6 48. g5 Ra3 49. Kg4 Ra4 50. Rxa4 Bxa4 51. f4 f6 1/2-1/2

[Event "Mistrzostwa Polski Juniorow do lat 18 - Chlopcy"]
[Site "Szklarska Poreba"]
[Date "1899-12-30"]
[Round "3.13"]
[White "Skowron, Mateusz"]
[Black "Golenia, Wojciech"]
[Result "1-0"]
[WhiteTitle "I"]
[BlackTitle "k"]
[WhiteElo "1729"]
[BlackElo "2050"]

1. e4 d6 2. d4 Nf6 3. Nc3 g6 4. Be3 Bg7 5. f3 c6 6. Qd2 b5 7. O-O-O b4 8. Nce2
Qa5 9. Kb1 Be6 10. Nc1 Nbd7 11. Nge2 Nb6 12. Nf4 Nc4 13. Bxc4 Bxc4 14. Nfd3 Rb8
15. Bh6 Bxh6 16. Qxh6 Qh5 17. Qf4 a5 18. h4 a4 19. d5 Bxd5 20. exd5 Nxd5 21. Qd4
O-O 22. Ne2 Qh6 23. g4 e5 24. Qf2 Qg7 25. g5 a3 26. b3 c5 27. Nxc5 dxc5 28. Rxd5
e4 29. c3 bxc3 30. Rxc5 Rfd8 31. Nxc3 exf3 32. Rc1 Rbc8 33. Ne4 Rxc5 34. Nf6+
Qxf6 35. gxf6 Rf5 36. Rc3 Rxf6 37. Rxf3 Rfd6 38. Qa7 Rd1+ 39. Kc2 R1d2+ 40. Kc3
R2d7 41. Qc5 Rd5 42. Qc4 h6 43. b4 R8d7 44. b5 Rd1 45. Rf1 R1d2 46. Rxf7 R7d3+
47. Qxd3 Rxd3+ 48. Kxd3 Kxf7 49. b6 1-0

[Event "Mistrzostwa Polski Juniorow do lat 18 - Chlopcy"]
[Site "Szklarska Poreba"]
[Date "1899-12-30"]
[Round "3.14"]
[White "Kozak, Antoni"]
[Black "Kucharski, Bartlomiej"]
[Result "1-0"]
[WhiteTitle "m"]
[BlackTitle "I++"]
[WhiteElo "2372"]
[BlackElo "2050"]

1. c4 d6 2. d4 e5 3. d5 f5 4. e4 fxe4 5. Nc3 Nf6 6. Bg5 Bf5 7. Nge2 Nbd7 8. Ng3
Bg6 9. Ngxe4 Be7 10. Bxf6 Bxf6 11. Bd3 O-O 12. Qe2 Bg5 13. O-O a5 14. Ng3 Bxd3
15. Qxd3 Nc5 16. Qc2 Qd7 17. Nge4 Qf5 18. b3 Qg6 19. Qe2 Nxe4 20. Nxe4 Rf4 21.
f3 Rf7 22. a3 Qh6 23. Rfe1 Bf4 24. h3 Raf8 25. b4 axb4 26. axb4 g5 27. Ra3 Qh4
28. Qf2 Rg7 29. c5 Qxf2+ 30. Kxf2 g4 31. hxg4 Rxg4 32. Ra7 Bc1 33. Rxb7 Bb2 34.
Rxc7 Bd4+ 35. Kf1 Rh4 36. cxd6 Rh1+ 37. Ke2 Rh2 38. Rf1 Rxg2+ 39. Kd3 Rb2 40.
d7 Rd8 41. Nc5 Rxb4 42. Rc8 Rb8 43. Rxb8 Rxb8 44. Ne6 Bb6 45. Rb1 Kf7 46. Rxb6
1-0

[Event "Mistrzostwa Polski Juniorow do lat 18 - Chlopcy"]
[Site "Szklarska Poreba"]
[Date "1899-12-30"]
[Round "3.15"]
[White "Golecki, Jan"]
[Black "Zerebiec, Maurycy"]
[Result "1-0"]
[WhiteTitle "k"]
[BlackTitle "I+"]
[WhiteElo "2172"]
[BlackElo "1982"]

1. e4 c5 2. Nf3 e6 3. d4 cxd4 4. Nxd4 Nc6 5. Be3 Qc7 6. Nc3 a6 7. Be2 Nf6 8. O-O
b5 9. a3 Bb7 10. f4 Nxd4 11. Qxd4 Rc8 12. Bf3 Bc5 13. Qxc5 Qxc5 14. Bxc5 Rxc5
15. Rad1 Ke7 16. e5 Nd5 17. Nxd5+ Bxd5 18. Bxd5 Rxd5 19. Rxd5 exd5 20. f5 Rc8
21. c3 f6 22. Re1 fxe5 23. Rxe5+ Kd6 24. Re3 Rf8 25. g4 g6 26. fxg6 hxg6 27. Kg2
Rf4 28. Kg3 g5 29. h4 Re4 30. Rf3 gxh4+ 31. Kxh4 Re2 32. b4 Ke7 33. g5 Rh2+ 34.
Kg4 d6 35. g6 Ke6 36. Kg5 Ke5 37. Re3# 1-0

[Event "Mistrzostwa Polski Juniorow do lat 18 - Chlopcy"]
[Site "Szklarska Poreba"]
[Date "1899-12-30"]
[Round "3.16"]
[White "Bujalski, Mateusz"]
[Black "Derylo, Kamil"]
[Result "0-1"]
[WhiteTitle "I"]
[BlackTitle "I++"]
[WhiteElo "1920"]
[BlackElo "2083"]

1. e4 c5 2. Nc3 Nc6 3. f4 g6 4. Nf3 Bg7 5. Bc4 e6 6. d3 Nge7 7. O-O d5 8. Bb3 O-O
9. Qe1 Na5 10. Bd2 Nec6 11. e5 a6 12. Rd1 c4 13. dxc4 dxc4 14. Ne4 Qc7 15. Ba4
b5 16. Nf6+ Kh8 17. Qh4 h5 18. g4 Qe7 19. gxh5 Bxf6 20. Ng5 Bxg5 21. fxg5 Kg8
22. Rf6 Nxe5 23. Bc3 Qxf6 24. Rf1 Nf3+ 25. Rxf3 Qxf3 26. h6 Kh7 0-1

[Event "Mistrzostwa Polski Juniorow do lat 18 - Chlopcy"]
[Site "Szklarska Poreba"]
[Date "1899-12-30"]
[Round "3.17"]
[White "Chaczynski, Kamil"]
[Black "Musial, Tomasz"]
[Result "1/2-1/2"]
[WhiteTitle "I+"]
[BlackTitle "k"]
[WhiteElo "1894"]
[BlackElo "2051"]

1. e4 c6 2. d4 d5 3. Nc3 dxe4 4. Nxe4 Bf5 5. Ng3 Bg6 6. Nh3 e6 7. Nf4 Qh4 8. c3
Nd7 9. Bc4 Bd6 10. Qf3 O-O-O 11. Nxg6 hxg6 12. Ne4 Ndf6 13. Nxd6+ Rxd6 14. Bf4
Rd7 15. b4 g5 16. g3 Qh5 17. Qxh5 Rxh5 18. Be5 Nd5 19. b5 Ngf6 20. bxc6 bxc6 21.
Be2 Rh6 22. Bf3 Rb7 23. c4 Ne7 24. O-O Nd7 25. Bxg7 Rh7 26. Be5 Nxe5 27. dxe5
Rb4 28. Rab1 Rxc4 29. Rb3 Nd5 30. Ra3 f5 31. exf6 Nxf6 32. Re1 g4 33. Be2 Rd4
34. Ba6+ Kd7 35. Bd3 Rh5 36. Rxa7+ Kd6 37. Bg6 Rb5 38. Ra8 Nd7 39. Bf7 Re5 40.
Rxe5 Kxe5 41. Be8 Nc5 42. Bxc6 Rd1+ 43. Kg2 Nd3 44. f4+ Kd4 45. Ra4+ Kc3 46. Ra3+
Kd4 47. Bb5 Rd2+ 48. Kf1 Nc1 49. Ra6 Rd1+ 50. Kf2 Rd2+ 51. Ke1 Rxh2 52. Rxe6 Nxa2
53. Be2 Nc3 54. f5 Nxe2 55. Rxe2 Rxe2+ 56. Kxe2 Ke5 57. Ke3 Kxf5 58. Kd4 Kf6 1/2-1/2

[Event "Mistrzostwa Polski Juniorow do lat 18 - Chlopcy"]
[Site "Szklarska Poreba"]
[Date "1899-12-30"]
[Round "3.18"]
[White "Dzwierzynski, Bartosz"]
[Black "Distel, Pawel"]
[Result "1/2-1/2"]
[WhiteTitle "I"]
[BlackTitle "I"]
[WhiteElo "1944"]
[BlackElo "1950"]

1. d4 e6 2. c4 f5 3. Nc3 Nf6 4. f3 Bb4 5. e3 Bxc3+ 6. bxc3 d6 7. Bd3 O-O 8. Ne2
c5 9. O-O e5 10. Ng3 g6 11. d5 Na6 12. f4 e4 13. Be2 Qa5 14. Bd2 Rb8 15. Nh1 Bd7
16. Nf2 Nc7 17. g4 Qa4 18. gxf5 Qxd1 19. Rfxd1 gxf5 20. a4 Rbd8 21. Be1 Kf7 22.
h3 Rg8+ 23. Kh2 Rg7 24. Nh1 Rdg8 25. Bg3 h5 26. Rg1 Nce8 27. a5 Rg6 28. Bh4 Rxg1
29. Rxg1 Rxg1 30. Kxg1 Kg6 1/2-1/2

[Event "Mistrzostwa Polski Juniorow do lat 18 - Chlopcy"]
[Site "Szklarska Poreba"]
[Date "1899-12-30"]
[Round "3.19"]
[White "Kozlowski, Pawel"]
[Black "Kulesza, Andrzej"]
[Result "1-0"]
[WhiteTitle "I"]
[BlackTitle "I+"]
[WhiteElo "1836"]
[BlackElo "1928"]

1. e4 c5 2. Nc3 Nc6 3. g3 g6 4. Bg2 Bg7 5. d3 e5 6. Be3 d6 7. Qd2 Be6 8. Nge2 Nd4
9. Nd1 Bh3 10. O-O Nxe2+ 11. Qxe2 Bxg2 12. Kxg2 Nf6 13. f4 exf4 14. Bxf4 O-O 15.
Bg5 h6 16. Bxf6 Bxf6 17. Qf3 Bg7 18. c3 Qb6 19. g4 Rae8 20. Rf2 Qa6 21. Rd2 c4
22. Nf2 Re6 23. a3 Rfe8 24. Rad1 Bf8 25. Rf1 Bg7 26. Rfd1 cxd3 27. Qxd3 Qb6 28.
Rf1 Qd8 29. Qd5 Qe7 30. h3 Rc8 31. Rfd1 Rc5 32. Qd3 h5 33. Qf3 hxg4 34. hxg4 Rc8
35. Rh1 Qg5 36. Rd5 Be5 37. Qh3 Kf8 38. Rxe5 1-0

[Event "Mistrzostwa Polski Juniorow do lat 18 - Chlopcy"]
[Site "Szklarska Poreba"]
[Date "1899-12-30"]
[Round "3.20"]
[White "Iwanczuk, Krzysztof"]
[Black "Ossolinski, Ziemowit"]
[Result "1-0"]
[WhiteTitle "I"]
[BlackTitle "I+"]
[WhiteElo "1887"]
[BlackElo "1880"]

1. e4 c5 2. Nf3 e6 3. c3 Nf6 4. e5 Nd5 5. d4 cxd4 6. cxd4 d6 7. Bc4 dxe5 8. dxe5
Bb4+ 9. Nbd2 O-O 10. O-O Nc6 11. a3 Ba5 12. b4 Bc7 13. Bb2 Nf4 14. Qc2 Ng6 15.
Rfe1 a6 16. g3 Bd7 17. h4 Qb8 18. Qe4 Rd8 19. h5 Nf8 20. Qg4 Be8 21. Ne4 h6 22.
Nf6+ Kh8 23. Qf4 b5 24. Ba2 Rd3 25. Ng4 Qa7 26. Nxh6 gxh6 27. Qxh6+ Kg8 28. Qg5+
Kh8 29. h6 Nh7 30. Qg7# 1-0

[Event "Mistrzostwa Polski Juniorow do lat 18 - Chlopcy"]
[Site "Szklarska Poreba"]
[Date "1899-12-30"]
[Round "4.1"]
[White "Fus, Jakub"]
[Black "Szpar, Milosz"]
[Result "1/2-1/2"]
[WhiteTitle "FM"]
[BlackTitle "FM"]
[WhiteElo "2357"]
[BlackElo "2305"]

1. d4 Nf6 2. c4 c5 3. d5 e6 4. Nc3 exd5 5. cxd5 d6 6. Nf3 g6 7. h3 Bg7 8. Bf4 O-O
9. e3 a6 10. a4 Qe7 11. Nd2 Nbd7 12. Nc4 Ne8 13. Be2 Ne5 14. Nb6 Rb8 15. O-O f5
16. Bh2 Nf6 17. Qc2 Nfd7 18. Nxc8 Rbxc8 19. f4 Nf7 20. e4 Bxc3 21. bxc3 Rce8 22.
Bf3 fxe4 23. Rae1 Nf6 24. Re2 Qd7 25. Bxe4 Nxe4 26. Rxe4 Rxe4 27. Qxe4 Re8 28.
Qc2 Re3 29. f5 gxf5 30. Rxf5 Qe8 31. Rf1 Re1 1/2-1/2

[Event "Mistrzostwa Polski Juniorow do lat 18 - Chlopcy"]
[Site "Szklarska Poreba"]
[Date "1899-12-30"]
[Round "4.2"]
[White "Galuszka, Tomasz"]
[Black "Teclaf, Pawel"]
[Result "1/2-1/2"]
[WhiteTitle "k+"]
[BlackTitle "IM"]
[WhiteElo "2221"]
[BlackElo "2453"]

1. e4 c5 2. Nf3 e6 3. d4 cxd4 4. Nxd4 Nf6 5. Nc3 d6 6. g3 Nc6 7. Bg2 Bd7 8. O-O
a6 9. a4 Be7 10. Be3 O-O 11. Nxc6 Bxc6 12. a5 Nd7 13. Qe2 Qc7 14. Bd4 Rfe8 15.
Rfd1 Bf8 16. Na4 Bb5 17. Qd2 Rac8 18. Rdc1 Qd8 19. Nb6 Nxb6 20. Bxb6 Qf6 21. Qd4
Be7 22. Qxf6 Bxf6 23. c3 Bd8 24. Bd4 Bc4 25. Rcb1 Be2 26. Re1 Bc4 27. Reb1 Bb3
28. Ra3 Bc2 29. Rc1 Bd3 30. Rd1 Be2 31. Rd2 Bb5 32. Ra1 Kf8 33. e5 d5 34. f4 Be7
35. Bf1 Bc4 36. Bxc4 Rxc4 37. b3 Rc6 38. Kf2 Bc5 39. Ke3 Rec8 40. Rc2 Ke7 41.
Ra4 f6 42. Kd3 Bxd4 43. Rxd4 Rc5 44. Rb4 R8c7 45. Ra4 fxe5 46. fxe5 Ke8 47. Rf4
Rf7 1/2-1/2

[Event "Mistrzostwa Polski Juniorow do lat 18 - Chlopcy"]
[Site "Szklarska Poreba"]
[Date "1899-12-30"]
[Round "4.3"]
[White "Kosakowski, Jakub"]
[Black "Kokoszczynski, Jan"]
[Result "1-0"]
[WhiteTitle "FM"]
[BlackTitle "FM"]
[WhiteElo "2413"]
[BlackElo "2314"]

1. e4 e6 2. d4 d5 3. Bd3 dxe4 4. Bxe4 Nf6 5. Bf3 Nbd7 6. Ne2 Bd6 7. O-O O-O 8.
Ng3 Re8 9. Nc3 e5 10. Nb5 e4 11. Nxd6 cxd6 12. Be2 d5 13. b3 Nf8 14. c4 b6 15.
f3 Bb7 16. Nf5 Qd7 17. fxe4 Nxe4 18. Bd3 Ng6 19. Ba3 f6 20. Qg4 Rad8 21. Rae1
Kh8 22. Bxe4 Rxe4 23. Rxe4 dxe4 24. h4 Bc8 25. Qxe4 Re8 26. Qd3 Ne5 27. Qg3 Nc6
28. d5 Ne5 29. h5 h6 30. Bb2 a6 31. Nxh6 Ng4 32. Nxg4 Qxg4 33. Qxg4 Bxg4 34. h6
Re2 35. hxg7+ Kxg7 36. Rf2 Rxf2 37. Kxf2 Kf7 38. Ke3 Ke7 39. Kd4 Kd7 40. b4 1-0

[Event "Mistrzostwa Polski Juniorow do lat 18 - Chlopcy"]
[Site "Szklarska Poreba"]
[Date "1899-12-30"]
[Round "4.4"]
[White "Pacan-milej, Kosma"]
[Black "Mis, Mieszko"]
[Result "1/2-1/2"]
[WhiteTitle "FM"]
[BlackTitle "FM"]
[WhiteElo "2333"]
[BlackElo "2356"]

1. d4 Nf6 2. c4 e6 3. Nc3 Bb4 4. Qc2 Nc6 5. Nf3 d6 6. Bd2 O-O 7. a3 Bxc3 8. Bxc3
Qe7 9. e3 a5 10. Be2 a4 11. h3 e5 12. dxe5 dxe5 13. O-O-O Nd7 14. Rd5 Re8 15.
Rhd1 Nb6 16. Rb5 f6 17. Nd2 Be6 18. Bd3 h6 19. f4 exf4 20. exf4 Rad8 21. Re1 Qd7
22. Bg6 Bf7 23. Bxf7+ Qxf7 24. Rxe8+ Qxe8 25. Qe4 Qd7 26. Qf5 Qf7 27. Qe4 Re8
28. Qd3 Re1+ 29. Kc2 Qe7 30. g4 Re3 31. Qf5 Qd8 32. Kb1 Nd4 33. Bxd4 Qxd4 34.
Kc2 Nxc4 35. Qc8+ Kh7 36. Qf5+ g6 37. Qd5 Rc3+ 38. bxc3 Ne3+ 39. Kb2 Qxd5 40.
Rxd5 Nxd5 41. f5 gxf5 42. gxf5 Ne3 43. Ne4 Kg7 44. Nc5 Nxf5 45. Nxb7 Ne3 46. Nc5
f5 47. Nxa4 Kf6 48. Nc5 Ke5 49. a4 Kd5 50. Nd3 c5 51. Kc1 Nc4 52. Kd1 Na5 53.
Kd2 Nb7 54. Ke3 Nd6 55. a5 Nc4+ 56. Kf4 Nxa5 1/2-1/2

[Event "Mistrzostwa Polski Juniorow do lat 18 - Chlopcy"]
[Site "Szklarska Poreba"]
[Date "1899-12-30"]
[Round "4.5"]
[White "Godzwon, Iwo"]
[Black "Piekielny, Pawel"]
[Result "1-0"]
[WhiteTitle "FM"]
[BlackTitle "k"]
[WhiteElo "2352"]
[BlackElo "2104"]

1. c4 Nf6 2. Nc3 e6 3. Nf3 Bb4 4. Qc2 c5 5. a3 Ba5 6. e3 O-O 7. Be2 Nc6 8. O-O
b6 9. b3 d5 10. Bb2 dxc4 11. bxc4 Bb7 12. Rfd1 Qe7 13. Ng5 Rfd8 14. f4 h6 15.
Nge4 Nxe4 16. Nxe4 Rd7 17. Ng3 Rad8 18. d3 f6 19. Bg4 f5 20. Bf3 g6 21. Rac1 Nb8
22. Be2 Nc6 23. Ba1 Kh7 24. Qb2 Qh4 25. Bf3 Qe7 26. Qb5 Nb8 27. Bxb7 Rxb7 28.
Qb2 Rbd7 29. Ne2 Nc6 30. d4 cxd4 31. exd4 g5 32. d5 exd5 33. Rxd5 Qf7 34. Rcd1
Nb8 35. fxg5 hxg5 36. Ng3 Rxd5 37. cxd5 Kg6 38. Qe2 g4 39. h4 Re8 40. Qf2 Nd7
41. Qf4 Rf8 42. Qg5+ Kh7 43. Nxf5 Qg6 44. Ne7 Qf7 45. Qxg4 Qf2+ 46. Kh1 1-0

[Event "Mistrzostwa Polski Juniorow do lat 18 - Chlopcy"]
[Site "Szklarska Poreba"]
[Date "1899-12-30"]
[Round "4.6"]
[White "Pniaczek, Marek"]
[Black "Psyk, Radoslaw"]
[Result "1-0"]
[WhiteTitle "CM"]
[BlackTitle "k++"]
[WhiteElo "2109"]
[BlackElo "2343"]

1. e4 c5 2. Nf3 e6 3. d4 cxd4 4. Nxd4 Nf6 5. Nc3 Nc6 6. Nxc6 bxc6 7. e5 Nd5 8.
Ne4 Bb7 9. Be2 c5 10. O-O Qc7 11. Nd6+ Bxd6 12. exd6 Qc6 13. f3 Qb6 14. c4 Nb4
15. Be3 a5 16. Qd2 O-O 17. Rfd1 Nc6 18. f4 e5 19. Bf3 Rae8 20. Qf2 Nd4 21. Bxb7
Qxb7 22. fxe5 f6 23. e6 Nxe6 24. Bxc5 f5 25. Bd4 f4 26. Qf3 Qb4 27. Bc3 Qxc4 28.
Rd5 a4 29. a3 h6 30. h4 Rf7 31. Re1 Ref8 32. Ree5 Qc6 33. Rh5 Kh7 34. Kh2 Qb6
35. Qe4+ g6 36. Rdg5 Rg8 37. Rf5 Rgf8 38. Rfg5 Rg8 39. Rf5 Rff8 40. Rxf8 Rxf8
41. Ra5 Qxd6 42. Rd5 Qe7 43. h5 Rg8 44. Qxa4 Rg7 45. hxg6+ Kg8 46. Qa8+ Nf8 47.
Bb4 d6 48. Rxd6 Qh4+ 49. Kg1 Rc7 50. Qd5+ Kh8 51. Bc3+ Rxc3 52. Qe5+ Kg8 53. bxc3
f3 54. Qd5+ Kh8 55. Qd4+ 1-0

[Event "Mistrzostwa Polski Juniorow do lat 18 - Chlopcy"]
[Site "Szklarska Poreba"]
[Date "1899-12-30"]
[Round "4.7"]
[White "Bojczewski, Mateusz"]
[Black "Nowak, Mikolaj"]
[Result "1/2-1/2"]
[WhiteTitle "I+"]
[BlackTitle "k"]
[WhiteElo "1788"]
[BlackElo "2296"]

1. e4 d6 2. d4 Nf6 3. Nc3 g6 4. f4 Bg7 5. Nf3 O-O 6. Be2 c5 7. dxc5 dxc5 8. Qxd8
Rxd8 9. Be3 b6 10. Ne5 Bb7 11. Bf3 Na6 12. a3 Nc7 13. O-O Nfe8 14. Rad1 e6 15.
Bf2 Nd6 16. Bh4 g5 17. Bg3 f6 18. Nd3 g4 19. Bxg4 Nxe4 20. Nxe4 Bxe4 21. Bf3 Bxf3
22. Rxf3 f5 23. Bh4 Rd6 24. Nf2 Ne8 25. Rfd3 Rxd3 26. Nxd3 Rc8 27. Ne5 Bxe5 28.
fxe5 c4 29. Rd7 Rc7 30. Rxc7 Nxc7 31. Kf2 Nd5 32. b3 b5 33. Kf3 Kf7 34. g4 fxg4+
35. Ke4 cxb3 36. cxb3 Kg6 37. Kd4 Kf5 38. Bg3 h5 39. Kc5 Kg5 40. Kd6 Kf5 41. Kc5
Nc3 42. Be1 Ne4+ 43. Kxb5 Kg5 44. b4 h4 45. Ka6 g3 46. Bxg3 hxg3 47. hxg3 Nc3
48. Kxa7 Nb5+ 49. Kb6 Nxa3 50. Kc5 Kf5 51. b5 Nxb5 52. Kxb5 Kxe5 53. Kc5 Ke4 54.
Kd6 e5 55. g4 Kf4 56. g5 Kxg5 57. Kxe5 1/2-1/2

[Event "Mistrzostwa Polski Juniorow do lat 18 - Chlopcy"]
[Site "Szklarska Poreba"]
[Date "1899-12-30"]
[Round "4.8"]
[White "Polczyk, Mikolaj"]
[Black "Skowron, Mateusz"]
[Result "1-0"]
[WhiteTitle "k"]
[BlackTitle "I"]
[WhiteElo "2132"]
[BlackElo "1729"]

1. d4 d5 2. c4 c6 3. Nc3 Nf6 4. Nf3 a6 5. e3 b5 6. b3 e6 7. Bd3 Bd6 8. O-O O-O
9. a4 b4 10. Ne2 a5 11. Bb2 Nbd7 12. Qc2 Bb7 13. Rad1 Qb8 14. Ng3 e5 15. e4 exd4
16. Bxd4 Bxg3 17. fxg3 dxe4 18. Bxe4 c5 19. Bxb7 Qxb7 20. Bb2 h6 21. Nh4 Ng4 22.
Qe2 Ndf6 23. Bxf6 Nxf6 24. Rxf6 gxf6 25. Nf5 Kh8 26. Qh5 Kg8 27. Qg4+ 1-0

[Event "Mistrzostwa Polski Juniorow do lat 18 - Chlopcy"]
[Site "Szklarska Poreba"]
[Date "1899-12-30"]
[Round "4.9"]
[White "Dixa, Oskar"]
[Black "Kozak, Antoni"]
[Result "1-0"]
[WhiteTitle "k"]
[BlackTitle "m"]
[WhiteElo "2052"]
[BlackElo "2372"]

1. d4 d5 2. c4 dxc4 3. e3 Nf6 4. Bxc4 e6 5. Nf3 a6 6. O-O b5 7. Be2 Nbd7 8. a4
b4 9. b3 Bb7 10. Nbd2 Be7 11. Bb2 O-O 12. Nc4 c5 13. Rc1 Qc7 14. dxc5 Rfd8 15.
c6 Bxc6 16. Bd4 Qb8 17. Na5 Bd5 18. Bc4 Nf8 19. Ne5 Qd6 20. Bxd5 Qxd5 21. Nac6
Re8 22. Nxe7+ Rxe7 23. Nc6 Rd7 24. Nxb4 Qb7 25. Nd3 Ne4 26. f3 Rxd4 27. exd4 Nd6
28. Nc5 Qd5 29. Qd3 Ng6 30. Qe3 Rb8 31. Rfd1 Rb4 32. Qc3 a5 33. Nd7 h5 34. Qc6
Rxb3 35. Qxd5 exd5 36. Nc5 Rb2 37. Nd3 Ra2 38. Ra1 Rc2 39. Rdc1 Rd2 40. Rd1 Rc2
41. Rac1 Ra2 42. Rc5 Nc4 43. Re1 Nh4 44. Nf2 g6 45. Rxd5 Rxa4 46. Rc5 Ne3 47.
Rxe3 Ra1+ 48. Nd1 Rxd1+ 49. Kf2 Rxd4 50. Re4 Nf5 51. Rxd4 Nxd4 52. Rxa5 Kg7 53.
Ke3 Nc6 54. Ra6 Ne5 55. Kd4 Nd7 56. Rd6 Nf6 57. Rd8 Nh7 58. h4 Nf6 59. Ke5 Ng8
60. Rxg8+ Kxg8 61. Kf6 Kf8 62. f4 Kg8 63. g3 Kf8 64. f5 gxf5 65. Kxf5 Ke7 66.
Kg5 Ke6 67. Kxh5 Kf5 68. Kh6 Kg4 69. h5 Kxg3 70. Kg5 f5 71. Kxf5 Kh4 72. h6 Kh5
73. h7 Kh6 74. h8=Q# 1-0

[Event "Mistrzostwa Polski Juniorow do lat 18 - Chlopcy"]
[Site "Szklarska Poreba"]
[Date "1899-12-30"]
[Round "4.10"]
[White "Pytel, Maciej"]
[Black "Golecki, Jan"]
[Result "0-1"]
[WhiteTitle "k"]
[BlackTitle "k"]
[WhiteElo "1919"]
[BlackElo "2172"]

1. e4 c5 2. Nc3 Nc6 3. g3 g6 4. Bg2 Bg7 5. d3 d6 6. Be3 Qa5 7. Bd2 Nf6 8. Nge2
Qc7 9. Qc1 h5 10. h3 Bd7 11. Be3 e5 12. f4 Nd4 13. Rf1 Bc6 14. Qd2 Nd7 15. Ng1
Bh6 16. Nd1 exf4 17. gxf4 f5 18. c3 Ne6 19. d4 Bxe4 20. Bxe4 fxe4 21. Qg2 O-O-O
22. Qxg6 Rde8 23. f5 Bxe3 24. Nxe3 Nxd4 25. cxd4 cxd4 26. Ke2 Ne5 27. Qf6 dxe3
28. Rac1 Nc6 29. Ke1 Qa5+ 30. Qc3 Qxa2 31. Ne2 Kb8 32. f6 Rhf8 33. Nf4 Rc8 34.
Ng6 Ne5 35. Nxf8 Rxc3 36. Rxc3 Qb1+ 0-1

[Event "Mistrzostwa Polski Juniorow do lat 18 - Chlopcy"]
[Site "Szklarska Poreba"]
[Date "1899-12-30"]
[Round "4.11"]
[White "Derylo, Kamil"]
[Black "Lis, Mateusz"]
[Result "0-1"]
[WhiteTitle "I++"]
[BlackTitle "k"]
[WhiteElo "2083"]
[BlackElo "2036"]

1. e4 c5 2. Nf3 Nc6 3. c3 Nf6 4. e5 Nd5 5. d4 cxd4 6. cxd4 d6 7. Bc4 e6 8. O-O
Be7 9. Qe2 O-O 10. Rd1 Bd7 11. Bxd5 exd5 12. Nc3 Be6 13. Bf4 a6 14. Rac1 Re8 15.
Qd2 h6 16. Na4 Bg4 17. Qc3 dxe5 18. dxe5 d4 19. Qb3 Qa5 20. Nb6 Rad8 21. Nc4 Qd5
22. Ncd2 Bb4 23. Qxd5 Rxd5 24. Rc4 Bxd2 25. Rxd2 d3 26. Rc3 Bxf3 27. gxf3 Nd4
28. Kf1 Ne2 29. Rc4 Nxf4 30. Rxf4 Rc8 31. Rd1 a5 32. a4 d2 33. Re4 Rc2 34. b4
axb4 35. Rxb4 Rxe5 36. Rxb7 Rc1 37. Rb1 Re1+ 0-1

[Event "Mistrzostwa Polski Juniorow do lat 18 - Chlopcy"]
[Site "Szklarska Poreba"]
[Date "1899-12-30"]
[Round "4.12"]
[White "Golenia, Jan"]
[Black "Majocha, Piotr"]
[Result "1/2-1/2"]
[WhiteTitle "I++"]
[BlackTitle "I++"]
[WhiteElo "2119"]
[BlackElo "1890"]

1. d4 Nf6 2. Bg5 e6 3. e4 Be7 4. Nd2 d5 5. e5 Nfd7 6. Bxe7 Qxe7 7. Qg4 O-O 8. Bd3
c5 9. Ngf3 f5 10. exf6 Nxf6 11. Qh4 Nc6 12. c3 cxd4 13. Nxd4 Qc7 14. O-O e5 15.
Nb5 Qb6 16. c4 e4 17. Be2 Nd4 18. Nxd4 Qxd4 19. Qg5 Be6 20. b3 h6 21. Qe3 Qxe3
22. fxe3 dxc4 23. Bxc4 Bxc4 24. Nxc4 Rad8 25. Rad1 b6 26. Nd6 Ng4 27. Rfe1 Nxe3
28. Rd2 Nf5 29. Nxe4 Rxd2 30. Nxd2 Rd8 31. Nf3 Nd4 32. Ne5 Re8 33. Kf2 Re6 34.
Nd3 Rxe1 35. Nxe1 Kf7 36. Ke3 Nf5+ 37. Ke4 Ke6 38. Nf3 Nd6+ 39. Kd4 Nf5+ 40. Ke4
Nd6+ 41. Kd4 Nf5+ 1/2-1/2

[Event "Mistrzostwa Polski Juniorow do lat 18 - Chlopcy"]
[Site "Szklarska Poreba"]
[Date "1899-12-30"]
[Round "4.13"]
[White "Musial, Tomasz"]
[Black "Iwanczuk, Krzysztof"]
[Result "1/2-1/2"]
[WhiteTitle "k"]
[BlackTitle "I"]
[WhiteElo "2051"]
[BlackElo "1887"]

1. d4 Nf6 2. c4 g6 3. Nf3 Bg7 4. g3 O-O 5. Bg2 d6 6. O-O Nc6 7. Nc3 a6 8. Qc2 Bf5
9. e4 Bg4 10. Be3 Nd7 11. Rad1 e5 12. d5 Nd4 13. Bxd4 exd4 14. Ne2 Bxf3 15. Bxf3
Ne5 16. Nxd4 c5 17. dxc6 bxc6 18. Bg2 c5 19. Ne2 Rb8 20. b3 Nc6 21. e5 Nxe5 22.
Qd2 Re8 23. Nc3 Qf6 24. Ne4 Nf3+ 25. Bxf3 Qxf3 26. Nxd6 Re2 27. Qd5 Qxd5 28. Rxd5
Bd4 29. g4 Rxa2 30. Ne4 Rxb3 31. Nxc5 Bxc5 32. Rxc5 Rc3 33. Kg2 Ra4 34. Rb1 Rcxc4
35. Rxc4 Rxc4 36. Rb8+ Kg7 37. Kg3 Rc1 38. Ra8 Ra1 39. Ra7 a5 40. Ra6 a4 41. h3
a3 42. Kf3 g5 43. Kg2 Kf8 44. Ra7 Ke8 45. Kh2 a2 46. Kg2 Kd8 47. Kh2 Kc8 48. Kg2
Kb8 49. Ra3 Kc7 50. Ra7+ Kb6 51. Ra3 Kc5 52. Ra5+ Kc4 53. Ra8 Kd3 54. Ra3+ Kc2
55. Ra8 Kc3 56. Rc8+ Kd4 57. Ra8 Ke5 58. Ra5+ Kd4 1/2-1/2

[Event "Mistrzostwa Polski Juniorow do lat 18 - Chlopcy"]
[Site "Szklarska Poreba"]
[Date "1899-12-30"]
[Round "4.14"]
[White "Golenia, Wojciech"]
[Black "Chaczynski, Kamil"]
[Result "0-1"]
[WhiteTitle "k"]
[BlackTitle "I+"]
[WhiteElo "2050"]
[BlackElo "1894"]

1. c4 Nf6 2. Nc3 g6 3. d4 Bg7 4. e4 d6 5. h3 O-O 6. Be3 e5 7. d5 a5 8. g4 Na6 9.
Nge2 c6 10. Ng3 cxd5 11. exd5 Nc5 12. g5 Nfd7 13. h4 a4 14. a3 e4 15. Ngxe4 Nxe4
16. Nxe4 Bxb2 17. Ra2 Qe7 18. Bg2 Bg7 19. Re2 f5 20. gxf6 Nxf6 21. Ng5 Qc7 22.
Qc1 Re8 23. Bh3 Bxh3 24. Rxh3 Rac8 25. c5 dxc5 26. Ne6 Qd7 27. Rd2 Nxd5 28. Nf4
Bd4 29. Qc4 Rcd8 30. h5 b5 31. Qa2 g5 32. Rg3 h6 33. Ne2 Bxe3 34. Rxe3 Rxe3 35.
fxe3 Qe6 36. Qc2 Rc8 37. Qd3 Nxe3 38. Qxb5 Rf8 39. Rd3 Rf1+ 40. Kd2 Rd1+ 0-1

[Event "Mistrzostwa Polski Juniorow do lat 18 - Chlopcy"]
[Site "Szklarska Poreba"]
[Date "1899-12-30"]
[Round "4.15"]
[White "Rogala, Milosz"]
[Black "Grochol, Kamil"]
[Result "0-1"]
[WhiteTitle "I"]
[BlackTitle "I+"]
[WhiteElo "1843"]
[BlackElo "2030"]

1. e4 c5 2. Nf3 Nc6 3. d4 cxd4 4. Nxd4 Nf6 5. Nc3 d6 6. Be2 e5 7. Nb3 Be7 8. Be3
O-O 9. Qd2 a5 10. a4 Nb4 11. O-O Be6 12. f3 d5 13. exd5 Nfxd5 14. Nxd5 Nxd5 15.
Bf2 Nf4 16. Qe1 Bxb3 17. cxb3 Bb4 18. Qd1 Qg5 19. Bg3 Rad8 20. Bxf4 Qxf4 21. Qc1
Rd2 22. Bc4 Qg5 23. g3 Qh6 24. Rf2 Qe3 25. Qe1 Qxe1+ 26. Rxe1 Bc5 27. Ref1 Rfd8
28. Kg2 Bxf2 29. Rxf2 Rxf2+ 30. Kxf2 Rd2+ 31. Ke3 Rxh2 32. Ke4 Rd2 33. Kxe5 Kf8
34. Bd5 Ke7 35. Bxb7 Rxb2 36. Bd5 f6+ 37. Kd4 Kd6 38. Bg8 h5 39. Bf7 g5 40. Ke4
h4 41. gxh4 gxh4 42. f4 h3 43. Bh5 h2 44. Bf3 Rxb3 0-1